Statistics for Countries Closest to Cambodia by First 2 Letters

Click here to take the quiz!

General Stats

  • This quiz has been taken 247 times
  • The average score is 15 of 20

Answer Stats

kmcountry% Correct
1090India
99%
768Indonesia
99%
0Laos
95%
0Thailand
94%
0Vietnam
94%
773China
91%
405Malaysia
87%
324Myanmar
78%
1141Philippines
77%
998Singapore
77%
2060Nepal
74%
1330Bangladesh
72%
3001Palau
68%
1805Bhutan
67%
1943Japan
63%
1111Brunei
62%
1606Taiwan
60%
2988Timor-Leste
60%
2789South Korea
56%
2337Sri Lanka
43%

Score Distribution

Percentile by Number Answered

Percent of People with Each Score

Your Score History

You have not taken this quiz